000 005480000a22001810004500
003 MACL
005 20160413121211.0
008 160413b xxu||||| |||| 00| 0 eng d
040 _aMACL
_cMACL
041 _aHindi
082 _a610
100 _aकुमार अशोक
_952111
245 _aप्राथमिक चिकित्‍सा
260 _bलक्ष्‍य पब्लिकेशन्‍स
_c2004
_aनई दिल्‍ली
350 _a195
650 _aMedical Science
_952112
942 _cHIN
_k610
_2ddc
999 _c12490
_d12490